| 000 | 00689nam a22002177a 4500 | ||
|---|---|---|---|
| 003 | koha_MIRAKIL | ||
| 005 | 20260407111513.0 | ||
| 008 | 260407b tur||||| |||| 00| 0 tur d | ||
| 020 | _a9789752561083 | ||
| 040 |
_aTR-IsEVY _btur _cTR-IsEVY |
||
| 041 | _atur | ||
| 082 | _a398.2 BIO/K | ||
| 100 | 1 | _aBiosca, Anna | |
| 245 | 0 |
_aKlasik Dünya masalları : _bmasallar ve öğretici aktiviteler / _cAnna Biosca ; resimleyen Maria Pascual. |
|
| 250 | _a2. bs. | ||
| 260 |
_aİstanbul : _bKaknüs Yayınları, _c2014. |
||
| 300 |
_a201 s. : _brenkli resimli ; _c29 cm. |
||
| 650 |
_aHalk Bilimi. _vMasallar. _vKlasik Masallar. |
||
| 700 | 1 |
_aPascual, Maria. _cresimleyen. |
|
| 942 |
_2ddc _cBK |
||
| 999 |
_c23429 _d23429 |
||